000 00293nam a22001337a 4500
008 170808b xxu||||| |||| 00| 0 eng d
020 _a9780805321661
041 _aeng
080 _a004
100 _a35
101 _aSHKI
245 _aCRAFTING A COMPILER
_cFISCHER, CH.N
942 _2udc
_cBK
999 _c22910
_d22910